الصحابي الجليل سلمان الفارسي : (Record no. 6758)
[ view plain ]
| 000 -الفاتح | |
|---|---|
| حقل البيانات ثابتة الطول | 01072nac a22002531i 4500 |
| 003 - محدد رقم الضبط | |
| رقم الضبط | EG-ScBUE |
| 005 - وقت وتاريخ اخر تعامل مع التسجيلة | |
| رقم الضبط | 20231026114909.0 |
| 008 - عناصر البيانات ثابتة الطول - معلومات عامة | |
| حقل البيانات ثابتة الطول | 100811s1973 ua f b 00010bbara d |
| 017 ## - رقم الإيداع القانونى | |
| رقم الإيداع القانونى | 1973 / 1804 |
| 040 ## - مصدر الفهرسة | |
| وكالة الفهرسة الأصلية | EG-ScBUE |
| لغة الفهرسة | ara |
| قواعد الوصف | rda |
| وكالة النسخ | EG-ScBUE |
| وكالة التعديل | EG-ScBUE |
| 082 04 - رقم تصنيف ديوى العشرى | |
| رقم التصنيف | 297.648 |
| رقم المادة | م ص ر |
| رقم الطبعة | 22 |
| 100 1# - المدخل الرئيسى - إسم شخصى | |
| الإسم الشخصى | المصري، حسين مجيب، |
| التواريخ المصاحبة للاسم | 1916-2004، |
| الدور | مؤلف. |
| 9 (RLIN) | 14990 |
| 245 12 - بيان العنوان | |
| العنوان | الصحابي الجليل سلمان الفارسي : |
| بقية العنوان | عند العرب و الفرس والترك / |
| بيان المسئوليه,etc | دكتور حسين مجيب المصري. |
| 264 #1 - النشر، التوزيع | |
| مكان الناشر او الموزع | القاهرة : |
| اسم الناشر او الموزع | مكتبة الأنجلو المصرية، |
| تاريخ النشر أو التوزيع | 1973. |
| 300 ## - الوصف المادى | |
| التعداد | 272 صفحة ؛ |
| أبعاد الوعاء | 24 سم |
| 336 ## - نوع المحتوى | |
| source | rdacontent |
| Carrier Type Term | نص |
| Content Type Code | txt |
| 337 ## - نوع الوسيط | |
| source | rdamedia |
| Media Type Term | بدون وسيط |
| Media Type Code | n |
| 338 ## - نوع الحامل أو الناقل | |
| source | rdacarrier |
| Carrier Type Term | مجلد |
| Carrier Type Code | nc |
| 504 ## - تبصرة ببليوجرافية | |
| رابط الحقل و رقم التتابع | يشتمل على إرجاعات ببليوجرافية وكشافات. |
| 600 07 - المدخل الاضافى بالموضوع-اسم شخصى | |
| 9 (RLIN) | 17434 |
| الإسم الشخصى | سلمان الفارسي، |
| التواريخ المصاحبة للاسم | ت. 36 هـ.. |
| مصدر الرأس أو المصطلح | BUEsh |
| 650 #7 - المدخل الاضافى بالموضوع-مصطلح موضوعى | |
| مصطلح موضوعي أو اسم جغرافي كعنصر مدخل | الصحابة والتابعون |
| التقسيم الفرعي العام | تراجم. |
| مصدر الرأس أو المصطلح | BUEsh |
| 9 (RLIN) | 15267 |
| 655 ## - مصطلح تكشيفى-نوع/شكل | |
| التقسيم الفرعي الشكلي | Reading book |
| 942 ## - عناصر المدخل الإضافي( كوها) | |
| Koha [default] item type | Book - Borrowing |
| مصدر التصنيف او مخطط الترفيف | Dewey Decimal Classification |
| حالة التراجع | حالة الفقد | مصدر التصنيف او خطة الترفيف | حالة تلف | ليس للاعارة | مجموعات كوها | المكان الدائم | المكان الحالي | موقع الترفيف | تاريخ الاكتساب | Source of acquisition | رقم الاستدعاء | الباركود | Date last seen | نوع الوعاء |
|---|---|---|---|---|---|---|---|---|---|---|---|---|---|---|
| Dewey Decimal Classification | Alef-Baa | Central Library | Central Library | Second Floor | 11/08/2010 | Purchase | 297.648 م ص ر | 000008411 | 15/07/2025 | Book - Borrowing |